000 00694nam a2200181 i 4500
001 128912
003 ES-MaACL
005 20230906193407.0
007 t|
008 070530s1963 sp ||||1| eng d
100 1 _aTéllez González, Guillermo.
_9109641
245 1 0 _aToledo is like this /
_cGuillermo Téllez y González ; text by Guillermo Téllez ; translation Juan Macnab Calder ; photographs by Rodríguez, Fotoestudio Foto Flores and Díaz del Viso.
260 _aToledo :
_bGómez Menor,
_c[1963]
300 _a111 p., 1 plan. pleg. :
_bil. ;
_c21 cm.
700 1 _aCalder, Juan Macnab.
_933581
700 1 _aRodríguez (fotógrafo)
_998527
852 _aES-MaACL
_jC-24349
_bR.52362
999 _c128912
_d128912